|
|
|
|
| LEADER |
00000nam0a2200000 4500 |
| 001 |
51360 |
| 005 |
20231031035404.0 |
| 035 |
|
|
|a (RuTPU)RU\TPU\book\53781
|
| 090 |
|
|
|a 51360
|
| 100 |
|
|
|a 20030429d1973 km y0rusy50 ca
|
| 101 |
0 |
|
|a rus
|
| 102 |
|
|
|a RU
|
| 105 |
|
|
|a a g 001zy
|
| 200 |
1 |
|
|a Справочник по пожарной безопасности в электроустановках
|f П. А. Фетисов, Г. И. Смелков, В. И. Горшков
|
| 205 |
|
|
|a 2-е изд., испр. и доп.
|
| 210 |
|
|
|a Москва
|c Стройиздат
|d 1973
|
| 215 |
|
|
|a 208 с.
|c ил.
|
| 320 |
|
|
|a Библиогр.: с. 205
|
| 610 |
1 |
|
|a электрические установки
|
| 610 |
1 |
|
|a пожарная охрана
|
| 610 |
1 |
|
|a справочники
|
| 610 |
1 |
|
|a электроустановки
|
| 610 |
1 |
|
|a электропроводка
|
| 610 |
1 |
|
|a электродвигатели
|
| 610 |
1 |
|
|a статическое электричество
|
| 610 |
1 |
|
|a молнии
|
| 675 |
|
|
|a 621.3.002.7(035)
|v 3
|
| 675 |
|
|
|a 628.7(035)
|v 3
|
| 700 |
|
1 |
|a Фетисов
|b П. А.
|g Петр Афиногенович
|
| 701 |
|
1 |
|a Смелков
|b Г. И.
|g Герман Иванович
|
| 701 |
|
1 |
|a Горшков
|b В. И.
|g Владимир Иванович
|
| 801 |
|
1 |
|a RU
|b 63413507
|c 20030429
|g PSBO
|
| 801 |
|
2 |
|a RU
|b 63413507
|c 20201106
|g PSBO
|
| 942 |
|
|
|c BK
|